=LDR 00000nam 2200000 4500 =001 INLIS000000000031300 =005 20130612133359 =008 ***********************************ind** =035 ##$$0010-061300000031300 =041 ##$$a ind =082 ##$$a 615. 85 =090 ##$$a 615. 85 , Bat a =100 ##$$a Batmanghelidj,F =245 ##$$a Air untuk kesehatan,penyembuhan dan kehidupan, F.Batmanghelidj,M.D; Alih bahasa, Susi Purwoko =260 ##$$a 2007 $b Jakarta =300 ##$$a xvii, 282 hlm. , 20 cm =650 ##$$a HIDROTERAPI =700 ##$$a Purwoko,Susi =850 ##$$a NBPNMAT =990 ##$$a 0001/BPAP-NTB/2016 =990 ##$$a 1341213412 =990 ##$$a 0001/BPAP-NTB/2016 =990 ##$$a 01201713412